Formel 1 Weltmeister - Sudden Death - Statistiken

Allgemein
  • Dieses Quiz wurde 4.296 mal gespielt
  • Das Durchschnittsergebnis liegt bei 6 aus 16
Answers on the Grid
Answers color-coded by a green-red scale on the quiz's grid according to % correct below.
Max Verstappen
Martin Brundle
Jenson Button
Mika Häkkinen
Stirling Moss
Jean Alesi
James Hunt
Gilles Villeneuve
Sebastian Vettel
Ralf Schumacher
Enzo Fittipaldi
Nino Farina
Bruce McLaren
Kimi Räikkonen
Nelson Piquet jr.
Phil Hill
Keke Rosberg
Riccardo Patrese
Mike Hawthorn
Felipe Massa
Niki Lauda
Bruno Senna
Charles Leclerc
Alain Prost
Lewis Hamilton
Jim Clark
Michael Andretti
Luigi Fagioli
Alberto Ascari
Jack Brabham
Lorenzo Bandini
Daniel Ricciardo
 
Antwortstatistiken
Antwort % Korrekt
Max Verstappen
97%
Jenson Button
68%
Mika Häkkinen
68%
Sebastian Vettel
56%
James Hunt
48%
Lewis Hamilton
40%
Niki Lauda
37%
Kimi Räikkonen
34%
Keke Rosberg
28%
Alain Prost
25%
Alberto Ascari
18%
Jim Clark
18%
Jack Brabham
16%
Phil Hill
16%
Mike Hawthorn
13%
Nino Farina
12%
Keine übereinstimmenden Quizze gefunden
Verteilung der Resultate
Anzahl Personen mit jedem Resultat
Perzentil nach korrekt beantworteten Fragen
Ihre Resultats-Entwicklung
Sie haben dieses Quiz noch nicht gespielt